Southville International School and Colleges
Your cart is empty.
  • Cart
  • Lists
    Public lists list_1 View all
    Your lists Log in to create your own lists
  • Log in to your account
  • Your cookies
  • Search history
Southville International School and Colleges
  • Advanced search
  • Recent comments
  • Most popular
  • Libraries

Log in to your account

Log in with GOOGLE


If you do not have an external account, but do have a local account, you can still log in:

  1. Home
  2. MARC view: Principles and methods of teaching /
Normal view MARC view ISBD view

Principles and methods of teaching / (Record no. 291650)

[ view plain ]
MARC details
000 -LEADER
fixed length control field 00522nam a2200205Ia 4500
008 - FIXED-LENGTH DATA ELEMENTS--GENERAL INFORMATION
fixed length control field 160319s9999 xx 000 0 und d
020 ## - INTERNATIONAL STANDARD BOOK NUMBER
International Standard Book Number 971-08-6645-1
050 ## - LIBRARY OF CONGRESS CALL NUMBER
Classification number FIL LB 1025.3
050 ## - LIBRARY OF CONGRESS CALL NUMBER
Item number .Z85 2012
100 ## - MAIN ENTRY--PERSONAL NAME
Personal name Zulueta, Francisco M.
245 ## - TITLE STATEMENT
Title Principles and methods of teaching /
245 ## - TITLE STATEMENT
Statement of responsibility, etc Francisco M. Zulueta.
260 ## - PUBLICATION, DISTRIBUTION, ETC. (IMPRINT)
Place of publication, distribution, etc Mandaluyong:
260 ## - PUBLICATION, DISTRIBUTION, ETC. (IMPRINT)
Name of publisher, distributor, etc National Book Store,
260 ## - PUBLICATION, DISTRIBUTION, ETC. (IMPRINT)
Date of publication, distribution, etc 2012
300 ## - PHYSICAL DESCRIPTION
Extent 391 pages :
300 ## - PHYSICAL DESCRIPTION
Other physical details illustrations ;
300 ## - PHYSICAL DESCRIPTION
Dimensions 22 cm.
650 ## - SUBJECT ADDED ENTRY--TOPICAL TERM
Topical term or geographic name as entry element Teaching.
Holdings
Withdrawn status Lost status Damaged status Home library Current library Shelving location Date acquired Total Checkouts Full call number Barcode Date last seen Price effective from Koha item type
      South Mansfield College South Mansfield College Filipiniana Section 11/16/2012   FIL LB 1025.3 .Z85 2012 SMC05787 03/19/2016 03/19/2016  

Principles and methods of teaching /

APA

Zulueta F. M., .Principles and methods of teaching. Mandaluyong: .

Chicago

Zulueta Francisco M, .Principles and methods of teaching. Mandaluyong: .

Harvard

Zulueta F. M., .Principles and methods of teaching. Mandaluyong: .

MLA

Zulueta Francisco M, .Mandaluyong: . .

  • Place hold
  • Print
  • Cite
  • Add to your cart (remove)
  • Save record
    BIBTEX Dublin Core MARCXML MARC (non-Unicode/MARC-8) MARC (Unicode/UTF-8) MARC (Unicode/UTF-8, Standard) MODS (XML) RIS
  • More searches
    Search for this title in:
    Other Libraries (WorldCat) Other Databases (Google Scholar) Online Stores (Bookfinder.com) Open Library (openlibrary.org)

Exporting to Dublin Core...

SOUTHVILLE LIBRARY

Southville International School and Colleges Library

1281 Tropical Ave. Cor. Luxembourg St., BF Homes International, Las Pinas City

Tel. No. 8256374 / 252358 Loc. 117/146

Powered by Koha